书目信息 |
| 题名: |
特使
|
|
| 作者: | 哈里曼 , Harriman , 艾贝尔 , Abel 著 ;南京大学历史系英美对外关系研究室 译 | |
| 分册: | ||
| 出版信息: | 北京 三联书店 1978 |
|
| 页数: | 675页 | |
| 开本: | 19cm | |
| 丛书名: | ||
| 单 册: | ||
| 中图分类: | D56 | |
| 科图分类: | ||
| 主题词: | 国际政治 | |
| 电子资源: | ||
| ISBN: | ||
| 000 | 01037nam0 2200313 45 | |
| 001 | 0178005938 | |
| 005 | 20040330143419.2 | |
| 010 | @dCNY2.00 | |
| 091 | @a3002.196 | |
| 100 | @a19950923d1978 kemy0chiy0121 ea | |
| 101 | 1 | @achi@ceng |
| 102 | @aCN@b110000 | |
| 105 | @ay z 000yd | |
| 106 | @ar | |
| 200 | 10 | @a特使@Ate shi@e与邱吉尔、斯大林周旋记@e1941-1946@f(美)哈里曼(W.A.Harriman),(美)艾贝尔(E.Abel)著@g南京大学历史系英美对外关系研究室译 |
| 210 | @a北京@c三联书店@d1978 | |
| 215 | @a675页@d19cm | |
| 300 | @a书名原文:Special envoy to Churchill and Stalin:1941-1946 | |
| 300 | @a内部发行 | |
| 510 | 1 | @aSpecial envoy to Churchill and Stalin:1941-1946@zeng |
| 606 | 0 | @a国际政治 |
| 690 | @aD56 | |
| 701 | 1 | @a哈里曼@Aha li man@bW.A.@4著 |
| 701 | A1 | @aHarriman@bW.A.@4著 |
| 701 | 1 | @a艾贝尔@Aai bei er@bE.@4著 |
| 701 | A1 | @aAbel@bE.@4著 |
| 712 | 02 | @a南京大学历史系英美对外关系研究室@Anan jing da xue li shi xi ying mei dui wai guan xi yan jiu shi@4译 |
| 801 | 0 | @aCN@bNLC@c20040330 |
| 905 | @f1@b7488@dD56@e2 | |
| 特使:与邱吉尔、斯大林周旋记:1941-1946/(美)哈里曼(W.A.Harriman),(美)艾贝尔(E.Abel)著/南京大学历史系英美对外关系研究室译.-北京:三联书店,1978 |
| 675页;19cm |
| 书名原文:Special envoy to Churchill and Stalin:1941-1946.-内部发行 |
| ISBN :CNY2.00 |
| ● |
| 相关链接 |
|
|
|
|
正题名:特使
索取号:D56/2
 
预约/预借
| 序号 | 登录号 | 条形码 | 馆藏地/架位号 | 状态 | 备注 |
| 1 | 0007488 | 001923556 | 密集书库/ [索取号:D56/2] | 在馆 |